000 00569nam a2200193 a 4500
005 20210219160456.0
008 081109s1964 mx r 000 0 spa d
035 _aUPN01000166303
049 _aUNE
080 _a396.4 =20 POS No.51.
245 0 0 _aAccess of girls and women to education in rural areas :
_bA comparative study.
260 _aParis :
_bUNESCO,
_c1964.
300 _a62 p.
440 0 _aEducational studies and documents ;
_v51.
690 _aEducación de la mujer
690 _aAcceso a la educación
690 _aMujer rural
905 _aUNESCO
999 _c138414
_d138414